000 00472nam a2200169Ia 4500
008 220216s9999 xx 000 0 und d
100 _aGerspacher M
245 0 _aFurnace carbon black characterization : Continuing saga (1996 short reviews)
260 _bRubber chemistry and Technology
_c1996
300 _a569-576
650 _a1996 short reviews
650 _aCarbon black
700 _aNikiel L
700 _aOFarrell C P O
700 _aYang H H
942 _cJS
999 _c59663
_d59663